000 004760000a22001570004500
003 MACL
005 20170806131409.0
008 170806b xxu||||| |||| 00| 0 eng d
040 _cmacl
100 _aडॉ; राधेश्‍याम
_968552
245 _aजयहिन्‍द
260 _b हिन्‍दी सेवा सदन
_c1999
_aमथुरा
350 _a25
650 _aबाल पुस्‍तक
_966192
942 _cHIN
_k741.642
_2ddc
999 _c10392
_d10392